000 00693nam a22002297a 4500
003 OSt
005 20260216092532.0
008 260216b |||||||| |||| 00| 0 eng d
020 _a9787305031892
040 _aKenya National Library Service
082 _a951.092 XIA
100 _aXiaonxuan, Bian
_eauthor.
245 _aA Critical biography of Han Yu /
_cBian Xiaoxuan ; Zhang Qinghua ; Yan Qi
300 _a586 pages.
504 _aIncludes bibliographical references.
650 _aHan Yu (768–824) — Biography;
650 _aCriticism and interpretation.
700 _aZhang Qinhua
_eauthor
700 _aYan Qi
_eauthor
942 _2ddc
_cBK
_n0
999 _c490856
_d490856